000 00735nam a22002297a 4500
005 20160802155852.0
010 _a ENG-115624
020 _a9789351436768
_c2495.00
035 _aEN-99156
037 _bDBAD/PUB
082 _a347.5406
100 _aRatanlal
245 _aRatanlal & Dhirajlal's the law of evidence /
_cby Ratanlal [and] Dhirajlal ; reviced by Shakil Ahmad Khan
250 _a25th ed
260 _aGurgaon
_bLexis Nexis
_c2013
270 _a14th Floor, Building No 10, Tower-B, DLF Cyber City, Phase-ll,
_bGurgaon
_e122002
300 _acdxxxii,2037p.
_c24cm(Hb)
500 _aIncludes index
700 _aDhirajLal
700 _aShakil Ahmad Khan
942 _2ddc
_cEN
_mRAT
_h347.5406
999 _c101750
_d101750